Một số danh nhân văn hóa quân sự Việt Nam tiêu biểu
Giới thiệu một số danh nhân văn hoá quân sự Việt Nam từ thời Bắc thuộc đến nay như Bà Trưng, Bà Triệu, Lý Nam Đế, Triệu Quang Phục, Mai Thúc Loan, Khúc Hạo, Dương Đình Nghệ, Ngô Quyền, Đinh Bộ Lĩnh......
Đã lưu trong:
| 主要作者: | |
|---|---|
| 格式: | 圖書 |
| 語言: | Undetermined |
| 出版: |
H.
Chínht trị quốc gia - Sự thật
2017
|
| 主題: | |
| 在線閱讀: | http://lrc.tdmu.edu.vn/opac/search/detail.asp?aID=2&ID=32964 |
| 標簽: |
添加標簽
沒有標簽, 成為第一個標記此記錄!
|
| Thư viện lưu trữ: | Trung tâm Học liệu Trường Đại học Thủ Dầu Một |
|---|
| LEADER | 01047nam a2200205Ia 4500 | ||
|---|---|---|---|
| 001 | TDMU_32964 | ||
| 008 | 210410s9999 xx 000 0 und d | ||
| 082 | |a 662.88 | ||
| 090 | |b D561 | ||
| 100 | |a Dương, Xuân Đống | ||
| 245 | 0 | |a Một số danh nhân văn hóa quân sự Việt Nam tiêu biểu | |
| 245 | 0 | |c Dương Xuân Đống | |
| 260 | |a H. | ||
| 260 | |b Chínht trị quốc gia - Sự thật | ||
| 260 | |c 2017 | ||
| 300 | |a 387tr. | ||
| 520 | |a Giới thiệu một số danh nhân văn hoá quân sự Việt Nam từ thời Bắc thuộc đến nay như Bà Trưng, Bà Triệu, Lý Nam Đế, Triệu Quang Phục, Mai Thúc Loan, Khúc Hạo, Dương Đình Nghệ, Ngô Quyền, Đinh Bộ Lĩnh... | ||
| 650 | |a Danh nhân lịch sử |x Cuộc đời và sự nghiệp |z Việt Nam | ||
| 856 | |u http://lrc.tdmu.edu.vn/opac/search/detail.asp?aID=2&ID=32964 | ||
| 980 | |a Trung tâm Học liệu Trường Đại học Thủ Dầu Một | ||